000 00756nam a2200217Ii 4500
003 JO-AjNU
008 230605s9999||||xx |||||||||||||| ||und||
017 _a2006/7/1997
040 _aJO-AjNU
_bara
_erda
_cJO-AjNU
041 _aara
050 1 4 _aKMM460.S83.2006
100 3 _aالزعبي ، تيسير أحمد,
_eauthor
_921426
245 0 0 _aأصول المحاكمات الجزائية رقم (9) لسنة 1961م وتعديلاته
250 _a(د،ط)
264 3 1 _aالرمثا : تيسير أحمد الزعبي ، 2006
300 _a79ص
336 _atext
_btxt
_2rdacontent
337 _aunmediated
_bn
_2rdamedia
338 _avolume
_bnc
_2rdacarrier
650 4 _aالمحاكم الجنائية -- القانون الجنائي
_921427
999 _aA7440
_c11008
_d11008